Αρχαί και Πρακτική της Θαλασσασφαλίσεως (Record no. 4337)
[ view plain ]
| 000 -LEADER | |
|---|---|
| fixed length control field | 01409cam a22001814a 4500 |
| 005 - ΗΜΕΡΟΜΗΝΙΑ ΚΑΙ ΩΡΑ ΤΕΛΕΥΤΑΙΑΣ ΕΝΗΜΕΡΩΣΗΣ | |
| Πεδίο ελέγχου | 20250605164143.0 |
| 008 - FIXED-LENGTH DATA ELEMENTS--GENERAL INFORMATION | |
| Πεδίο ελέγχου σταθερού μήκους | 250528s ||||||||||||||||||||||||d |
| 035 ## - SYSTEM CONTROL NUMBER | |
| System control number | 19053 |
| 040 ## - ΠΗΓΗ ΚΑΤΑΛΟΓΟΓΡΑΦΗΣΗΣ | |
| Φορέας πρωτότυπης καταλογογράφησης | MC Athens Campus Library |
| Γλώσσα καταλογογράφησης | Ελληνικά, Μοντέρνα (1453-) |
| Modifying agency | MC Athens Campus Library |
| Κανόνες περιγραφικής καταλογογράφησης | AACR2 |
| 245 1# - ΤΙΤΛΟΣ ΚΑΙ ΔΗΛΩΣΗ ΥΠΕΥΘΥΝΟΤΗΤΑΣ | |
| Τίτλος | Αρχαί και Πρακτική της Θαλασσασφαλίσεως |
| 260 ## - PUBLICATION, DISTRIBUTION, ETC. | |
| Name of publisher, distributor, etc. | Ναυτικών Και Τεχνικών Βιβλίων, |
| Date of publication, distribution, etc. | 1977 |
| 300 ## - PHYSICAL DESCRIPTION | |
| Extent | 188 |
| 520 ## - SUMMARY, ETC. | |
| Summary, etc. | Γενικαί Ασφαλιστικαί Πληροφορίαι, Εισαγωγή, Σύντομος Ιστορική Ανασκόπησις της Θαλασσασφαλίσεως, Ολίγα Τινά περί της Οργανώσεως Lloyd's, Οι Μεσίται παρά τω Lloyd's, Η Ναυτασφαλιστική Αγορά, Το Ινστιτούτο τω Εν Λονδίνω Ασφαλιστών (Institute of London Underwriters), Salvage Association, Εγγύτερα Αίτια (Causa Provima), Μεική Αβαρία (Particular Average), Γενική Αβαρία, Επιθαλάσσιος Αρωγή (Salvage), Σύγκρουσις, Επιστροφή Ασφαλίστρου, Αλληλασφαλιστικοί Συνεταιρισμοί Προστασίας και Αποζημειώσεως (Protection and Indemnity Associations), Παραρτήματα. |
| 700 1# - ΠΡΟΣΘΕΤΗ ΑΝΑΓΡΑΦΗ--ΦΥΣΙΚΟ ΠΡΟΣΩΠΟ | |
| Personal name | Συρίχας Ορέστης Γ |
| 9 (RLIN) | 5321 |
| 942 ## - ADDED ENTRY ELEMENTS (KOHA) | |
| Koha item type | Books |
| Τύπος τεκμηρίου | Βιβλιοθήκη | Τρέχουσα τοποθεσία | Barcode | Αριθμός εισαγωγής | Ημερομηνία απόκτησης | Ταξιθετικό σύμβολο | Αριθμός αντιτύπου | Κατάσταση απόσυρσης | Κατάσταση χαμένου | Κατάσταση κατεστραμμένου | Μη δανεισμός | Σύνολο δανεισμών | Ημερομηνία τελευταίας εμφάνισης | Η τιμή ισχύει από |
|---|---|---|---|---|---|---|---|---|---|---|---|---|---|---|
| Books | MC Athens Campus Library | MC Athens Campus Library | 9780000043368 | 3990 | 05/06/2025 | 346.0862 SIR | 1 | 05/06/2025 | 05/06/2025 |